00632nam a2200157 a 450000100100000000500170001000800410002704000250006808200150009310000380010824500590014626000520020530000290025795201710028699900170045700003376520200930070512.0110908s1942 mx 000 0 spa d aDO-SdBNPbspacBNPHU axxxbM296b1 aMañón Hijo, Darío A.95918410aBolívar, Cóndor Azur /cDarío A. Mañón Hijo. aMéxico :bEditorial A. Mañón Hijo,c1942. a98 p. :bretr. ;c22 cm. 001050718RVaGRbGRcCTd2011-09-08iLF1l0oxxx M296bp33765-10r2020-06-25w2020-06-25y1zPerteneció a la biblioteca personal de Martínez BoogZNo se presta c33256d33256